书目信息 |
| 书名: | LOST PLAYS OF EUGENE O'NEILL | |
| 作者: | EUGENE O'NEILL. | |
| 分册号: | ||
| 分册名: | 出版地: | NEW YORK : |
|
| 出版社: | THE CITADEL PRESS | |
| 出版时间: | ||
| 页数: | 156 p. ; | |
| 开本: | 20cm. | |
| 丛书名: | ||
| 中图分类号: | ||
| 科图分类号: | ||
| 其他分类号: | I712.073 | |
| 主题词: | ||
| 电子资源: | ||
| 000 | 00389nam 2200145 a 4500 | |
| 001 | E0754526140 | |
| 005 | 20070519151108.37 | |
| 008 | 070519s 00010 eng | |
| 040 | @aPFT@beng | |
| 090 | @aI712.073 | |
| 099 | @dI712.073@ex350 | |
| 245 | @aLOST PLAYS OF EUGENE O'NEILL / @cEUGENE O'NEILL. | |
| 260 | @aNEW YORK :@bTHE CITADEL PRESS. | |
| 300 | @a156 p. ;@c20cm. | |
| 700 | @aO'NEILL,EUGENE | |
| LOST PLAYS OF EUGENE O'NEILL / / EUGENE O'NEILL.-NEW YORK : : THE CITADEL PRESS. |
| 156 p. ; ; 20cm. |
| ISBN |
| ● |
| 相关链接 |
|
|
|
|
正题名:LOST PLAYS OF EUGENE O'NEILL
索取号:I712.073/x350
 
预约/预借
| 序号 | 登录号 | 条形码 | 馆藏地/架位号 | 状态 | 备注 |
| 1 | 10745 | 300107453 | 第二样本阅览室/ [索取号:I712.073/x350] | 在馆 |